日本海に面する自治体 - Statistics

General Stats
  • This quiz has been taken 293 times
  • The average score is 102 of 149
Answer Stats
都道府県 市町村 % Correct
北海道 稚内市
93%
北海道 小樽市
93%
新潟県 新潟市
91%
富山県 富山市
91%
秋田県 秋田市
90%
北海道 留萌市
88%
北海道 石狩市
88%
新潟県 上越市
88%
新潟県 糸魚川市
88%
富山県 氷見市
88%
石川県 金沢市
88%
福井県 福井市
88%
鳥取県 鳥取市
88%
秋田県 男鹿市
87%
山形県 鶴岡市
87%
石川県 珠洲市
87%
石川県 輪島市
87%
鳥取県 米子市
87%
島根県 松江市
87%
福岡県 北九州市
87%
福岡県 福岡市
87%
富山県 高岡市
86%
兵庫県 豊岡市
86%
山形県 酒田市
85%
新潟県 村上市
85%
福井県 敦賀市
85%
福井県 小浜市
85%
島根県 出雲市
85%
山口県 下関市
85%
新潟県 柏崎市
84%
富山県 黒部市
84%
石川県 七尾市
84%
石川県 小松市
84%
秋田県 由利本荘市
83%
石川県 白山市
83%
石川県 能登町
82%
福井県 あわら市
82%
鳥取県 境港市
82%
島根県 益田市
82%
山口県 萩市
82%
佐賀県 唐津市
82%
長崎県 佐世保市
82%
島根県 浜田市
81%
長崎県 長崎市
81%
石川県 加賀市
80%
秋田県 能代市
79%
新潟県 新発田市
79%
石川県 羽咋市
79%
山口県 長門市
79%
長崎県 五島市
79%
富山県 射水市
78%
京都府 舞鶴市
78%
京都府 宮津市
78%
京都府 京丹後市
78%
北海道 松前町
77%
秋田県 にかほ市
77%
青森県 五所川原市
76%
福井県 坂井市
76%
富山県 魚津市
75%
兵庫県 新温泉町
75%
長崎県 壱岐市
75%
長崎県 対馬市
75%
富山県 滑川市
74%
北海道 積丹町
73%
新潟県 佐渡市
73%
福岡県 糸島市
73%
北海道 余市町
72%
石川県 かほく市
72%
福井県 越前町
72%
島根県 大田市
72%
北海道 利尻町
71%
新潟県 胎内市
71%
島根県 江津市
71%
北海道 豊富町
70%
北海道 増毛町
70%
新潟県 長岡市
70%
長崎県 松浦市
70%
北海道 利尻富士町
69%
北海道 礼文町
69%
石川県 宝達志水町
69%
福井県 南越前町
69%
佐賀県 伊万里市
69%
長崎県 平戸市
69%
青森県 深浦町
68%
北海道 八雲町
67%
北海道 江差町
67%
福井県 美浜町
67%
福岡県 宗像市
67%
石川県 穴水町
66%
島根県 隠岐の島町
66%
長崎県 新上五島町
66%
北海道 天塩町
65%
青森県 つがる市
65%
富山県 朝日町
65%
石川県 能美市
64%
福井県 若狭町
64%
北海道 せたな町
63%
富山県 入善町
63%
鳥取県 日吉津村
63%
石川県 内灘町
62%
秋田県 潟上市
61%
山形県 遊佐町
61%
京都府 伊根町
61%
鳥取県 湯梨浜町
61%
長崎県 西海市
61%
北海道 奥尻町
60%
福井県 おおい町
60%
佐賀県 玄海町
60%
北海道 幌延町
59%
北海道 泊村
59%
新潟県 粟島浦村
59%
福井県 高浜町
59%
石川県 志賀町
58%
新潟県 出雲崎町
57%
福岡県 福津市
56%
北海道 初山別村
55%
北海道 羽幌町
55%
青森県 鯵ヶ沢町
55%
新潟県 聖篭町
55%
鳥取県 大山町
55%
山口県 阿武町
55%
北海道 神恵内村
52%
島根県 知夫村
52%
北海道 岩内町
51%
北海道 寿都町
51%
鳥取県 岩美町
51%
青森県 中泊町
50%
兵庫県 香美町
50%
長崎県 小値賀町
49%
北海道 上ノ国町
48%
秋田県 八峰町
48%
島根県 海士町
47%
島根県 西ノ島町
45%
北海道 苫前町
44%
北海道 小平町
42%
北海道 共和町
42%
北海道 島牧村
42%
長崎県 佐々町
42%
福岡県 新宮町
41%
北海道 遠別町
40%
北海道 古平町
40%
鳥取県 北栄町
40%
福岡県 古賀市
40%
北海道 蘭越町
39%
北海道 乙部町
36%
秋田県 三種町
33%
鳥取県 琴浦町
32%
福岡県 芦屋町
31%
福岡県 岡垣町
30%
No matching quizzes found
Score Distribution
Percent of People with Each Score
Percentile by Number Answered
Your Score History
You have not taken this quiz